Optimización bioclimática de un modelo multifamiliar, estudio de caso barrio San Sebastián, Managua
Presenta la implementación y optimización de un diseño ya existente del modelo multifamiliar ubicado en el barrio San Sebastián departamento de Managua, en donde se establecen los criterios y estrategias de diseño bioclimático brindando confort térmico necesario para garantizar a los usuarios...
| Main Author: | |
|---|---|
| Other Authors: | |
| Format: | Tesis Section = Libro |
| Language: | Undetermined Spanish |
| Published: |
Managua
UNI
2013
|
| Subjects: |
| LEADER | 01088nam a2200229Ia 4500 | ||
|---|---|---|---|
| 008 | 240830s9999 xx 000 0 und d | ||
| 040 | |a BIBLIOTECA-RUSB/ T.Mon 720.47 M385 | ||
| 041 | |a spa | ||
| 082 | |a T.Mon 720.47 M385 | ||
| 100 | 1 | |a Martínez Sánchez, Gisell | |
| 245 | 1 | 0 | |a Optimización bioclimática de un modelo multifamiliar, estudio de caso barrio San Sebastián, Managua |
| 260 | |a Managua |b UNI |c 2013 | ||
| 300 | |a 118 p. :il. | ||
| 500 | |a Contiene: anexos e Incluye: CD. | ||
| 502 | |a Tesis (Arquitecto) - UNI, 2013. | ||
| 520 | 3 | |a Presenta la implementación y optimización de un diseño ya existente del modelo multifamiliar ubicado en el barrio San Sebastián departamento de Managua, en donde se establecen los criterios y estrategias de diseño bioclimático brindando confort térmico necesario para garantizar a los usuarios un ambiente agradable. | |
| 650 | 7 | |a ARQUITECTURA BIOCLIMATICA construcción DE VIVIENDAS | |
| 650 | 7 | |b ARQUITECTURA - DISEÑOS Y PLANOS | |
| 700 | 1 | |a Tutor: |b Walsh, Angélica | |
| 942 | |c BK |2 ddc | ||
| 991 | |a TESIS | ||
| 999 | |c 22043 | ||